[Event "BL 1617 (Women)"]
[Site "Germany"]
[Date "2016.10.23"]
[Round "2.3"]
[White "Schulze, Lara"]
[Black "Theissl Pokorna, Regina"]
[Result "0-1"]
[WhiteElo "2034"]
[BlackElo "2324"]
[PlyCount "66"]
[EventDate "2016.10.22"]
[EventType "team-tourn"]
[EventRounds "11"]
[EventCountry "GER"]
[SourceTitle "EXT 2018"]
[Source "ChessBase"]
[SourceDate "2017.10.13"]
[SourceVersion "1"]
[SourceVersionDate "2017.10.13"]
[SourceQuality "1"]
[WhiteTeam "Lehrte (W)"]
[BlackTeam "Rodewisch (W)"]
[WhiteTeamCountry "GER"]
[BlackTeamCountry "GER"]

1. e4 e5 2. Nf3 Nc6 3. Nc3 Bb4 4. Nd5 Bc5 5. c3 d6 6. b4 Bb6 7. a4 a5 8. Nxb6 cxb6 9. b5 Nce7 10. Bc4 Nf6 11. d3 Be6 12. Bxe6 fxe6 13. Qb3 Qd7 14. Be3 Ng6 15. g3 0-0 16. Nd2 d5 17. Bxb6 Qd6 18. Be3 Ng4 19. exd5 exd5 20. 0-0 Kh8 21. c4 Nf4 22. Qd1 Nxe3 23. fxe3 Nxd3 24. Qb3 Nc5 25. Qc3 d4 26. exd4 exd4 27. Rxf8+ Rxf8 28. Qxa5 Qe7 29. Rf1 Rd8 30. Qb4 h6 31. Kg2 Qe2+ 32. Rf2 Qxf2+ 33. Kxf2 Nd3+ 0-1

[Event "Olympiad Women-42"]
[Site "Baku"]
[Date "2016.09.11"]
[Round "9.1"]
[White "Heredia Serrano, Carla Sofia"]
[Black "Theissl Pokorna, Regina"]
[Result "0-1"]
[WhiteElo "2075"]
[BlackElo "2331"]
[PlyCount "80"]
[EventDate "2016.09.02"]
[EventType "team-swiss"]
[EventRounds "11"]
[EventCountry "AZE"]
[SourceTitle "CBM 174 Extra"]
[Source "ChessBase"]
[SourceDate "2016.10.10"]
[SourceVersion "1"]
[SourceVersionDate "2016.10.10"]
[SourceQuality "1"]
[WhiteTeam "Ecuador (W)"]
[BlackTeam "Austria (W)"]
[WhiteTeamCountry "ECU"]
[BlackTeamCountry "AUT"]

1. e4 e5 2. Nf3 Nc6 3. d4 exd4 4. c3 dxc3 5. Bc4 d6 6. Nxc3 Nf6 7. Qb3 Qd7 8. Ng5 Ne5 9. Bb5 c6 10. f4 Neg4 11. h3 cxb5 12. hxg4 b4 13. Nd5 h6 14. Be3 Nxd5 15. Qxd5 Rg8 16. Nf3 Qc6 17. Qd3 Qa6 18. Qxa6 bxa6 19. Rc1 Bxg4 20. Rc7 Bd7 21. 0-0 Be7 22. Rd1 g5 23. f5 g4 24. Nd2 Rc8 25. Rxc8+ Bxc8 26. Nc4 g3 27. Nxd6+ Bxd6 28. Rxd6 Rg4 29. Rd4 a5 30. Kf1 Ba6+ 31. Kg1 h5 32. e5 Rxd4 33. Bxd4 Bd3 34. f6 Kd7 35. Bxa7 Ke6 36. Bb8 Bc4 37. b3 a4 38. Bd6 Bxb3 39. axb3 axb3 40. Bxb4 b2 0-1

[Event "Olympiad Women-42"]
[Site "Baku"]
[Date "2016.09.10"]
[Round "8.1"]
[White "Sultana, Sharmin Shirin"]
[Black "Theissl Pokorna, Regina"]
[Result "0-1"]
[WhiteElo "2002"]
[BlackElo "2331"]
[PlyCount "54"]
[EventDate "2016.09.02"]
[EventType "team-swiss"]
[EventRounds "11"]
[EventCountry "AZE"]
[SourceTitle "CBM 174 Extra"]
[Source "ChessBase"]
[SourceDate "2016.10.10"]
[SourceVersion "1"]
[SourceVersionDate "2016.10.10"]
[SourceQuality "1"]
[WhiteTeam "Bangladesh (W)"]
[BlackTeam "Austria (W)"]
[WhiteTeamCountry "BAN"]
[BlackTeamCountry "AUT"]

1. d4 Nf6 2. c4 e6 3. Nc3 Bb4 4. e3 0-0 5. Nge2 Re8 6. a3 Bf8 7. Ng3 d5 8. cxd5 exd5 9. Bd3 b6 10. 0-0 c5 11. Nh5 Nbd7 12. Nf4 c4 13. Be2 Bb7 14. Bf3 Nb8 15. b3 Qd7 16. Bd2 b5 17. bxc4 dxc4 18. Bxb7 Qxb7 19. Qb1 a6 20. Na4 Nc6 21. Nb2 Qc7 22. Rc1 Bd6 23. g3 Bxf4 24. gxf4 Qd7 25. Kh1 Qd5+ 26. Kg1 Qh5 27. f3 Nxd4 0-1

[Event "Olympiad Women-42"]
[Site "Baku"]
[Date "2016.09.08"]
[Round "6.1"]
[White "Theissl Pokorna, Regina"]
[Black "Houska, Jovanka"]
[Result "1/2-1/2"]
[WhiteElo "2331"]
[BlackElo "2386"]
[PlyCount "124"]
[EventDate "2016.09.02"]
[EventType "team-swiss"]
[EventRounds "11"]
[EventCountry "AZE"]
[SourceTitle "CBM 174 Extra"]
[Source "ChessBase"]
[SourceDate "2016.10.10"]
[SourceVersion "1"]
[SourceVersionDate "2016.10.10"]
[SourceQuality "1"]
[WhiteTeam "Austria (W)"]
[BlackTeam "England (W)"]
[WhiteTeamCountry "AUT"]
[BlackTeamCountry "ENG"]

1. e4 c6 2. d4 d5 3. exd5 cxd5 4. c4 Nf6 5. Nc3 Nc6 6. Bg5 Ne4 7. Be3 e5 8. cxd5 Nxc3 9. bxc3 Qxd5 10. Nf3 exd4 11. Nxd4 Be7 12. Qb3 Qe4 13. Qb1 Qxb1+ 14. Rxb1 Bf6 15. Be2 0-0 16. 0-0 Nxd4 17. cxd4 Rd8 18. Rfd1 Be7 19. Bf3 Rb8 20. d5 b6 21. d6 Bf6 22. Bf4 g5 23. Bg3 Bd7 24. h3 b5 25. Rbc1 a5 26. Bg4 b4 27. Bxd7 Rxd7 28. Rc7 Rbd8 29. Rd5 a4 30. Rb5 Rxd6 31. Bxd6 Rxd6 32. Rc8+ Kg7 33. Rxb4 Rd1+ 34. Kh2 Rd2 35. Rxa4 Rxf2 36. Rc1 Be5+ 37. Kg1 Rd2 38. Re1 Bd4+ 39. Kh1 h5 40. Rc4 Bf2 41. Rec1 Rxa2 42. R4c2 Rxc2 43. Rxc2 Bd4 44. Rc4 Bf2 45. Rc2 Bd4 46. g3 Be5 47. Kg2 Kg6 48. Rc5 Kf5 49. g4+ hxg4 50. hxg4+ Kf4 51. Rc4+ Ke3 52. Ra4 f6 53. Ra3+ Kf4 54. Kh3 Ke4 55. Rb3 Kf4 56. Rb1 Ke3 57. Rf1 Bf4 58. Kg2 Be5 59. Rf3+ Ke2 60. Ra3 Bd4 61. Ra4 Ke3 62. Ra3+ Ke2 1/2-1/2

[Event "AUT-chT (Women) 1516"]
[Site "Austria"]
[Date "2016.02.27"]
[Round "5.1"]
[White "Richterova, Natasa"]
[Black "Theissl Pokorna, Regina"]
[Result "1-0"]
[WhiteElo "2187"]
[BlackElo "2345"]
[PlyCount "99"]
[EventDate "2015.11.06"]
[EventType "team-swiss"]
[EventRounds "7"]
[EventCountry "AUT"]
[SourceTitle "EXT 2017"]
[Source "ChessBase"]
[SourceDate "2016.10.25"]
[SourceVersion "1"]
[SourceVersionDate "2016.10.25"]
[SourceQuality "1"]
[WhiteTeam "Steyr (W)"]
[BlackTeam "Pamhagen (W)"]
[WhiteTeamCountry "AUT"]
[BlackTeamCountry "AUT"]

1. e4 e5 2. Nf3 Nc6 3. Nc3 Nf6 4. d4 exd4 5. Nxd4 Bc5 6. Be3 Bb6 7. Bc4 0-0 8. 0-0 Ne5 9. Bb3 c6 10. Bg5 h6 11. Bh4 d6 12. Re1 Bg4 13. Qd2 Ng6 14. Bg3 Nh5 15. h3 Bc8 16. Bh2 Qf6 17. Rad1 Nhf4 18. Bg3 Nh5 19. Bh2 Ngf4 20. Nce2 Ne6 21. c3 Ng5 22. Nf4 Nxf4 23. Qxf4 Qg6 24. Kh1 Ne6 25. Qg3 Qxg3 26. Bxg3 Nxd4 27. cxd4 Rd8 28. d5 c5 29. e5 Ba5 30. Re3 dxe5 31. Rxe5 Bd7 32. d6 Rac8 33. Rc1 Re8 34. Rcxc5 Rxc5 35. Rxc5 Bb6 36. Rc2 Bc6 37. f3 g5 38. Bc4 Kg7 39. b4 a6 40. Rc1 f5 41. Re1 Be3 42. Rd1 f4 43. Be1 h5 44. Bc3+ Kg6 45. d7 Rd8 46. Rd6+ Kh7 47. Be6 Bb6 48. Bf6 Rf8 49. d8Q Bxd8 50. Bxd8 1-0